000 00478nam a2200181Ia 4500
005 20250508152541.0
008 008 250505s9999 xx 000 0 hin d
037 _aBooks to be hide in OPAC
040 _aFEDL
_beng
_cFEDL
041 _ahin
_2eng
084 _a891.43, MIS/O
_qFEDL
100 _aMishra
245 0 _aHimachal hindi patshala
300 _a301p.
700 _a Aganihotari
_9761767
942 _cHB
_h891.43, MIS/O
999 _c1337177
_d1337177